Statistisches Jahrbuch : Der Eisen-und Stahlindustrie 1972/73
Guardat en:
| Autor corporatiu: | |
|---|---|
| Format: | Llibre |
| Idioma: | Undetermined |
| Publicat: |
Dusseldorf
Wirtschaftsverinigung Eisen-und Stahlindustrie
1973
|
| Matèries: | |
| Etiquetes: |
Afegir etiqueta
Sense etiquetes, Sigues el primer a etiquetar aquest registre!
|
| Thư viện lưu trữ: | Trung tâm Học liệu Trường Đại học Cần Thơ |
|---|
| LEADER | 00631nam a2200193Ia 4500 | ||
|---|---|---|---|
| 001 | CTU_85941 | ||
| 008 | 210402s9999 xx 000 0 und d | ||
| 082 | |a 310 | ||
| 082 | |b W799 | ||
| 110 | |a Wirtschaftsverinigung Eisen-und Stahlindustrie | ||
| 245 | 0 | |a Statistisches Jahrbuch : | |
| 245 | 0 | |b Der Eisen-und Stahlindustrie 1972/73 | |
| 245 | 0 | |c Wirtschaftsverinigung Eisen-und Stahlindustrie | |
| 260 | |a Dusseldorf | ||
| 260 | |b Wirtschaftsverinigung Eisen-und Stahlindustrie | ||
| 260 | |c 1973 | ||
| 650 | |a Perodicals,Statistics,Steel industry | ||
| 904 | |i Năm | ||
| 980 | |a Trung tâm Học liệu Trường Đại học Cần Thơ | ||